| 000 | 00373nam a2200157 a 4500 | ||
|---|---|---|---|
| 003 | MO | ||
| 005 | 20170315144414.0 | ||
| 008 | 100902s19uu xx 00 eng d | ||
| 020 | _a078692911 | ||
| 050 |
_aTR _bW59 2003 |
||
| 100 | _aNiles, Douglas | ||
| 245 | _aWinterheim. | ||
| 260 |
_aRentom, WA : _bWizards of the coast, _c2003. |
||
| 942 |
_2ddc _cBK |
||
| 999 |
_c111424 _d111424 |
||